| 000 | 01146nam a2200289 4500 | ||
|---|---|---|---|
| 003 | EC-UNACH | ||
| 006 | s||||gr|||| 00| 00 | ||
| 008 | 150116t9999 mx r gr 000 0 spa d | ||
| 020 | _a978-9978-92-775-5 | ||
| 040 |
_aEC-UNACH _cEC-UNACH |
||
| 041 | _aEspañol | ||
| 082 | 0 | 4 |
_223 _a613 _bL001413 |
| 100 | _aOrganización Panamericana de la Salud | ||
| 245 |
_aLa bioética en la formación de recursos humanos de la salud _bSituación actual y desafíos en el Ecuador |
||
| 250 | _aPrimera edición | ||
| 264 |
_aQuito - Ecuador _bImprenta Activa _c2009 |
||
| 300 |
_a253 páginas _bTablas _c21 x 15 centímetros |
||
| 501 | _aIncluye Índice, Prólogo, Presentación | ||
| 505 | _aPrimera Parte. Bioética y Educación Superior en el Ecuador -- Segunda Parte. La Bioética y sus formas institucionales -- Tercera parte. La Bioética y el ejercicio de la medicina -- Anexos | ||
| 650 | _aBIOÉTICA | ||
| 650 | _aFORMACIÓN E RECURSOS HUMANOS | ||
| 650 | _aEJERCICIO DE LA MEDICINA | ||
| 942 |
_2ddc _c1 |
||
| 999 | _c13906 | ||